Capital flows and capital-market crises (Registro nro. 30371)

Detalles MARC
000 -LEADER
fixed length control field 00335 a2200109 4500
001 - CONTROL NUMBER
control field ART_28124
005 - DATE AND TIME OF LATEST TRANSACTION
control field 20260410161951.0
008 - FIXED-LENGTH DATA ELEMENTS--GENERAL INFORMATION
fixed length control field 260409a
100 1# - MAIN ENTRY--PERSONAL NAME
Personal name Calvo, Guillermo A.
245 10 - TITLE STATEMENT
Title Capital flows and capital-market crises
773 0# - HOST ITEM ENTRY
Title Journal of applied economics
Related parts - Vol. 1, Nº 1 (nov. 1998)
Record control number REV28044

No hay ítems disponibles.